00511nam a2200169Ia 4500008004100000020001500041020001800056041000800074050002100082245006000103246004300163260003600206300002000242650005400262650001100316700001400327201125s9999||||xx |||||||||||||| ||und|| a7305201332 a9787305201332 achi aDS759b.T38 2018 0a太平天国战争全史:b第二卷 /c崔之清主編 a太平天國戰爭全史: b第一卷/ a南京:b大学出版社,c2018 a4 v.b;c24 cm. aChina -- History -- Taiping Rebellion, 1850-1864. aChina. a崔之清